El constitucionalismo laboral europeo y la proteccin̤ multinivel de los derechos laborales fundamentales luces y sombras /

Detalles Bibliográficos
Autor principal: Valdes Dal-R,̌ Fernando
Formato: eBook
Lenguaje:español
Publicado: Albacete: Editorial Bomarzo, 2016
Materias:
Acceso en línea:Acceso restringido

MARC

LEADER 00000nam a22000007a 4500
005 20170912001323.0
007 cr|||| ||||
008 170912s2016 es |||||s|||| 00||0 spa d
020 |a 978-84-16608-24-9 
035 |a 20591 
040 |a vLex 
090 |c 6959  |d 6959 
100 1 |a Valdes Dal-R,̌ Fernando 
245 1 2 |a El constitucionalismo laboral europeo y la proteccin̤ multinivel de los derechos laborales fundamentales  |h [Recurso electrn̤ico] :  |b luces y sombras /  |c Fernando Valdes Dal-Ř 
256 |a Servicio en ln̕ea 
260 |a Albacete:  |b Editorial Bomarzo,  |c 2016 
300 |a 1 recurso electrn̤ico 
506 1 |a Disponible solo en los productos indicados  |d vLex Global  |d vLex Global (Academic Edition, excluding Law Schools)  |d vLex Global (U.S. Academic Edition, Law Schools)  |d vLex Global (U.S. Academic Edition, excluding Law Schools)  |d vLex Global (Academic Edition, Law Schools) 
650 0 4 |a Derecho Laboral y Seguridad Social  |z Espaą 
650 0 4 |a Derecho Constitucional  |z Espaą 
740 0 |a vLex Libros (Servicio en ln̕ea) 
856 4 0 |u http://vlex.com/source/constitucionalismo-laboral-europeo-proteccion-multinivel-derechos-laborales-fundamentales-20591  |z Acceso restringido 
942 |c BOOK 
999 0 |a Labor Law and Social Security 
999 0 |a Constitutional Law